000 00507nam a2200193 4500
001 139311
003 ES-MaACL
005 20230906195747.0
007 t|
008 070214s1959 sp r ||||1| cat d
100 1 _aSarsanedas, Jordi.
_9103877
245 1 0 _aPlon i fa sol /
_cJordi Sarsanedas.
260 _aPalma de Mallorca :
_bMoll,
_c1959.
300 _a135 p. ;
_c15 cm.
490 1 _a"De raixa`
830 0 _a"De raixa`
_9186512
852 _aES-MaACL
_jC-17374
_bR.44491
999 _c139311
_d139311